000 00332 a2200109 4500
020 _a9781403776433 (pbk.)
041 _aspa
245 _aWebster's Spanish-English dictionary : featuring Latin-American Spanish
260 _aMerriam-Webster: distributed by Dalmatian Press, 2011
300 _a1 volume [unpaged]
_c18 cm.
942 _cBK
999 _c20739
_d20739